Handbook of environmental law / (Record no. 69534)
[ view plain ]
| 000 -LEADER | |
|---|---|
| fixed length control field | 01280nam a22003137a 4500 |
| 005 - DATE AND TIME OF LATEST TRANSACTION | |
| control field | 20120830105218.0 |
| 008 - FIXED-LENGTH DATA ELEMENTS--GENERAL INFORMATION | |
| fixed length control field | 120830t xxu||||| |||| 00| 0 eng d |
| 010 ## - LCCN (DPL NO) | |
| LC control number | ENG-105697 |
| 020 ## - INTERNATIONAL STANDARD BOOK NUMBER | |
| International Standard Book Number | 9780198087342 |
| Terms of availability | 950.00 |
| 020 ## - INTERNATIONAL STANDARD BOOK NUMBER | |
| International Standard Book Number | 0198087349 |
| Terms of availability | 950.00 |
| 035 ## - SYSTEM CONTROL NUMBER | |
| System control number | EN-89230 |
| 037 ## - SOURCE OF ACQUISITION | |
| Source of stock number/acquisition | DBAD/PUB |
| 040 ## - CATALOGING SOURCE | |
| Language of cataloging | Eng |
| Original cataloging agency | DPL |
| 082 04 - DEWEY DECIMAL CLASSIFICATION NUMBER | |
| Classification number | 344.54046 |
| 100 1# - MAIN ENTRY--PERSONAL NAME | |
| Personal name | Sahasranaman, P. B. |
| 9 (RLIN) | 51782 |
| 245 10 - TITLE STATEMENT | |
| Title | Handbook of environmental law / |
| Statement of responsibility, etc | by P.B. Sahasranaman |
| 246 3# - VARYING FORM OF TITLE | |
| Title proper/short title | Hand book of environmental law |
| 250 ## - EDITION STATEMENT | |
| Edition statement | 2nd ed |
| 260 ## - PUBLICATION, DISTRIBUTION, ETC. (IMPRINT) | |
| Place of publication, distribution, etc | New Delhi |
| Name of publisher, distributor, etc | Oxford University Press |
| Date of publication, distribution, etc | 2012 |
| 270 ## - ADDRESS | |
| Address | YMCA Library Building, 1 Jai Singh Road |
| City | New Delhi |
| Postal code | 110001 |
| 300 ## - PHYSICAL DESCRIPTION | |
| Extent | xiii, 352p. |
| Dimensions | 25 m(Hb) |
| 500 ## - GENERAL NOTE | |
| General note | Includes bibliographical references and indexes |
| 505 0# - FORMATTED CONTENTS NOTE | |
| Formatted contents note | 1. Development of environmental jurisprudence -- 2. Dealing with different kinds of pollution : law and policy -- 3. The environment and the tasks ahead. |
| 650 #0 - SUBJECT ADDED ENTRY--TOPICAL TERM | |
| Topical term or geographic name as entry element | Environmental law |
| Geographic subdivision | India. |
| 9 (RLIN) | 51783 |
| 650 #0 - SUBJECT ADDED ENTRY--TOPICAL TERM | |
| Topical term or geographic name as entry element | Environmental protection |
| Geographic subdivision | India. |
| 9 (RLIN) | 51784 |
| 942 ## - ADDED ENTRY ELEMENTS (KOHA) | |
| Source of classification or shelving scheme | Dewey Decimal Classification |
| Item type | English Books |
| Classification part | 344.54046 |
| Call number suffix | SAH |
| Withdrawn status | Lost status | Source of classification or shelving scheme | Damaged status | Not for loan | Collection code | Home library | Current library | Date acquired | Source of acquisition | Cost, normal purchase price | Total Checkouts | Full call number | Barcode | Date last seen | Copy number | Cost, replacement price | Koha item type |
|---|---|---|---|---|---|---|---|---|---|---|---|---|---|---|---|---|---|
| Dewey Decimal Classification | Not For Loan | Non-fiction | D.B.Act.Division | D.B.Act.Division | 30/08/2012 | DBAD / PUB | 950.00 | 344.54046 SAH | EN-89230 | 30/08/2012 | 1 | 950.00 | English Books |
